Normal view
MARC view
Entry Topical Term
001 - CONTROL NUMBER
- control field: 8241
003 - CONTROL NUMBER IDENTIFIER
- control field: dpl
005 - DATE AND TIME OF LATEST TRANSACTION
- control field: 20100807105340.0
008 - FIXED-LENGTH DATA ELEMENTS
- fixed length control field: 100807|||a|||||| | ||| d
040 ## - CATALOGING SOURCE
- Original cataloging agency: dpl
- Transcribing agency: dpl
150 ## - HEADING--TOPICAL TERM
- Topical term or geographic name as entry element: Indus civilagation
670 ## - SOURCE DATA FOUND
- Source citation: Work cat.: (dpl)39962: Dhania, Dhanpat Singh 8240, Deciphering indus script a new approach /, 2008
670 ## - SOURCE DATA FOUND
- Source citation: Work cat.: (dpl)39962: Dhania, Dhanpat Singh 8240, Deciphering indus script a new approach /, 2008
